000 00654nam a2200265Ia 4500
005 20260306164420.0
008 008 260114s9999 xx 000 0 eng d
020 _a9780191768200
037 _aEBOOK
040 _aCRL
040 _beng
040 _cCRL
041 _2eng
041 _aeng
084 _qCRL
100 _aLorna Hutson
_91130674
245 4 _aThe Oxford Handbook Of English Law And Literature, 1500-1700
260 _bOxford University Press
260 _c2017
650 _aLiterature
856 _uhttps://academic.oup.com/edited-volume/35180
942 _cEBOOK
999 _c1713995
_d1713995